Schaum's outline of theory and problems of set theory and related topics / (Record no. 268)
[ view plain ]
| 000 -LEADER | |
|---|---|
| fixed length control field | 01572cam a2200349 a 4500 |
| 001 - CONTROL NUMBER | |
| control field | 1196920 |
| 003 - CONTROL NUMBER IDENTIFIER | |
| control field | OSt |
| 005 - DATE AND TIME OF LATEST TRANSACTION | |
| control field | 20140721161721.0 |
| 008 - FIXED-LENGTH DATA ELEMENTS--GENERAL INFORMATION | |
| fixed length control field | 980609s1998 nyua 001 0 eng |
| 010 ## - LIBRARY OF CONGRESS CONTROL NUMBER | |
| LC control number | 98008685 |
| 020 ## - INTERNATIONAL STANDARD BOOK NUMBER | |
| International Standard Book Number | 0070381593 |
| 040 ## - CATALOGING SOURCE | |
| Original cataloging agency | DLC |
| Transcribing agency | DLC |
| Modifying agency | DLC |
| 050 00 - LIBRARY OF CONGRESS CALL NUMBER | |
| Classification number | QA248 |
| Item number | .L57 1998 |
| 082 00 - DEWEY DECIMAL CLASSIFICATION NUMBER | |
| Classification number | 511.322 LIP 1998 |
| Edition number | 21 |
| 100 1# - MAIN ENTRY--PERSONAL NAME | |
| Personal name | Lipschutz, Seymour. |
| 9 (RLIN) | 714 |
| 245 10 - TITLE STATEMENT | |
| Title | Schaum's outline of theory and problems of set theory and related topics / |
| Statement of responsibility, etc. | Seymour Lipschutz. |
| 246 30 - VARYING FORM OF TITLE | |
| Title proper/short title | Theory and problems of set theory and related topics |
| 246 14 - VARYING FORM OF TITLE | |
| Title proper/short title | Set theory and related topics |
| 250 ## - EDITION STATEMENT | |
| Edition statement | 2nd ed. |
| 260 ## - PUBLICATION, DISTRIBUTION, ETC. (IMPRINT) | |
| Place of publication, distribution, etc. | New York : |
| Name of publisher, distributor, etc. | McGraw-Hill, |
| Date of publication, distribution, etc. | c1998. |
| 300 ## - PHYSICAL DESCRIPTION | |
| Extent | vi, 282 p. : |
| Other physical details | ill. ; |
| Dimensions | 28 cm. |
| 490 0# - SERIES STATEMENT | |
| Series statement | Schaum's outline series |
| 500 ## - GENERAL NOTE | |
| General note | Includes index. |
| 650 #0 - SUBJECT ADDED ENTRY--TOPICAL TERM | |
| Topical term or geographic name as entry element | Set theory |
| General subdivision | Outlines, syllabi, etc. |
| 9 (RLIN) | 715 |
| 650 #0 - SUBJECT ADDED ENTRY--TOPICAL TERM | |
| Topical term or geographic name as entry element | Set theory |
| General subdivision | Problems, exercises, etc. |
| 9 (RLIN) | 716 |
| 856 42 - ELECTRONIC LOCATION AND ACCESS | |
| Materials specified | Publisher description |
| Uniform Resource Identifier | <a href="http://www.loc.gov/catdir/description/mh023/98008685.html">http://www.loc.gov/catdir/description/mh023/98008685.html</a> |
| 856 41 - ELECTRONIC LOCATION AND ACCESS | |
| Materials specified | Table of contents |
| Uniform Resource Identifier | <a href="http://www.loc.gov/catdir/toc/mh022/98008685.html">http://www.loc.gov/catdir/toc/mh022/98008685.html</a> |
| 856 42 - ELECTRONIC LOCATION AND ACCESS | |
| Materials specified | Contributor biographical information |
| Uniform Resource Identifier | <a href="http://www.loc.gov/catdir/enhancements/fy1012/98008685-b.html">http://www.loc.gov/catdir/enhancements/fy1012/98008685-b.html</a> |
| 906 ## - LOCAL DATA ELEMENT F, LDF (RLIN) | |
| a | 7 |
| b | cbc |
| c | orignew |
| d | 1 |
| e | ocip |
| f | 19 |
| g | y-gencatlg |
| 942 ## - ADDED ENTRY ELEMENTS (KOHA) | |
| Source of classification or shelving scheme | Other/Generic Classification Scheme |
| Koha item type | Book Bank |
| Withdrawn status | Lost status | Source of classification or shelving scheme | Damaged status | Not for loan | Home library | Current library | Date acquired | Source of acquisition | Inventory number | Total Checkouts | Full call number | Barcode | Date last seen | Price effective from | Koha item type |
|---|---|---|---|---|---|---|---|---|---|---|---|---|---|---|---|
| Other/Generic Classification Scheme | MUST Main Library | MUST Main Library | 21/07/2014 | Purchase | 2005/24781 | 511.322 LIP 1998 | 2014-1298 | 21/07/2014 | 21/07/2014 | Book Bank | |||||
| Other/Generic Classification Scheme | MUST Main Library | MUST Main Library | 21/07/2014 | Purchase | 2005/24780 | 511.322 LIP 1998 | 2014-1299 | 21/07/2014 | 21/07/2014 | Book Bank | |||||
| Other/Generic Classification Scheme | MUST Main Library | MUST Main Library | 21/07/2014 | Purchase | 2005/24779 | 511.322 LIP 1998 | 2014-1300 | 21/07/2014 | 21/07/2014 | Book Bank | |||||
| Other/Generic Classification Scheme | MUST Main Library | MUST Main Library | 21/07/2014 | Purchase | 2005/24784 | 511.322 LIP 1998 | 2014-1301 | 21/07/2014 | 21/07/2014 | Book Bank | |||||
| Other/Generic Classification Scheme | MUST Main Library | MUST Main Library | 21/07/2014 | Purchase | 2005/24787 | 511.322 LIP 1998 | 2014-1302 | 21/07/2014 | 21/07/2014 | Book Bank | |||||
| Other/Generic Classification Scheme | MUST Main Library | MUST Main Library | 21/07/2014 | Purchase | 2005/24785 | 511.322 LIP 1998 | 2014-1303 | 21/07/2014 | 21/07/2014 | Book Bank | |||||
| Other/Generic Classification Scheme | MUST Main Library | MUST Main Library | 21/07/2014 | Purchase | 2005/24783 | 511.322 LIP 1998 | 2014-1304 | 21/07/2014 | 21/07/2014 | Book Bank | |||||
| Other/Generic Classification Scheme | MUST Main Library | MUST Main Library | 21/07/2014 | Purchase | 2005/24786 | 511.322 LIP 1998 | 2014-1305 | 21/07/2014 | 21/07/2014 | Book Bank | |||||
| Other/Generic Classification Scheme | MUST Main Library | MUST Main Library | 21/07/2014 | Purchase | 2005/24778 | 511.322 LIP 1998 | 2014-1306 | 21/07/2014 | 21/07/2014 | Book Bank | |||||
| Other/Generic Classification Scheme | MUST Main Library | MUST Main Library | 24/07/2014 | Purchase | 2006/26641 | 511.322 LIP 1998 | 2014-1398 | 24/07/2014 | 24/07/2014 | Book Bank | |||||
| Dewey Decimal Classification | MUST Main Library | MUST Main Library | 18/06/2024 | purchase | 511.322 | 511.322 LIP 1998 | 2024-20751 | 18/06/2024 | 18/06/2024 | Open Shelf | |||||
| Other/Generic Classification Scheme | MUST Main Library | MUST Main Library | 18/06/2024 | purchase | 06/27901 | 511.322 LIP 1998 | 2024-20752 | 18/06/2024 | 18/06/2024 | Open Shelf |
